Loading...
| Beliefs | 9 | 14.44 | 1,378% | 333% | 244% |
| Current Events | 2 | 15.00 | 800% | 500% | 0% |
| Fine Arts - Auditory | 4 | 12.50 | 900% | 250% | 300% |
| Fine Arts - Other Arts | 1 | 10.00 | 0% | 600% | 0% |
| Fine Arts - Visual | 8 | 15.00 | 1,350% | 375% | 300% |
| Geography | 3 | 20.00 | 2,400% | 400% | 400% |
| History - American | 7 | 18.57 | 2,057% | 514% | 257% |
| History - European | 4 | 17.50 | 2,200% | 150% | 450% |
| History - World | 2 | 10.00 | 1,800% | 300% | 0% |
| Literature - American | 5 | 12.00 | 0% | 360% | 360% |
| Literature - British | 8 | 11.25 | 1,800% | 225% | 150% |
| Literature - European | 6 | 15.00 | 1,200% | 200% | 500% |
| Literature - World | 1 | 20.00 | 0% | 600% | 600% |
| Other Academic | 2 | 10.00 | 0% | 300% | 300% |
| Other Arts: Auditory | 4 | 15.00 | 1,800% | 450% | 150% |
| Other Arts: Visual | 3 | 16.67 | 1,200% | 200% | 533% |
| Other Science: Math | 2 | 10.00 | 1,800% | 200% | 0% |
| Philosophy | 5 | 16.00 | 2,160% | 320% | 240% |
| Science - Biology | 3 | 20.00 | 3,600% | 400% | 200% |
| Science - Chemistry | 4 | 20.00 | 2,700% | 450% | 300% |
| Science - Physics | 6 | 16.67 | 2,067% | 100% | 467% |
| Social Science | 6 | 18.33 | 1,467% | 400% | 400% |
| 12 | 14.17 | 1,800% | 383% | 150% |